| 000 | 00329nam a22001337a 4500 | ||
|---|---|---|---|
| 020 | _a81-7671-012-1 | ||
| 082 |
_a540 _bDAY/T |
||
| 100 | _aM.C.DAY, J.SELBIN | ||
| 245 | _aTHEOROTICAL INORGANIC CHEMISTRY | ||
| 260 |
_aDELHI _bEAST-WEST PRESS PVT LTD _c1969 |
||
| 300 | _a590 | ||
| 650 |
_aCHEMISTRY FOR CLASS XII _zINDIA |
||
| 942 | _cBK | ||
| 999 |
_c726 _d726 |
||